000 00931nmc a2200325 a 4500
003 AR-BaBNM
005 20251128210137.0
008 011101s1998 ||||||||||||||000 | spa||
020 _a84-493-0552-7
040 _cAR-BaBNM
100 1 _aRenau, María Dolors
245 1 0 _a¿Otra psicología en la escuela?
_bun enfoque institucional y comunitario
250 _a2ª ed.
260 _aBarcelona
_bPaidós
_c1998
300 _a191 p.
490 0 _aPapeles de pedagogía
_vv. 35
500 _aContiene biliografía p. 187-191
650 4 _aPSICOLOGIA APLICADA
650 4 _aPSICOLOGIA DE LA EDUCACION
650 4 _aPEDAGOGIA
650 4 _aINADAPTADOS
650 4 _aPSICOLOGIA SOCIAL
650 4 _aCARACTERISTICAS DEL ALUMNO
650 4 _aESCUELAS
650 4 _aRELACION ESCUELA-COMUNIDAD
653 _aORIENTACION EDUCATIVA
700 1 _aBarenblit, Valentín
_eprologuista
942 _cBK
998 _creynoso
999 _c14237
_d14237